000 01370cam a2200361 i 4500
999 _c526993
_d526993
001 19343630
003 NUST
005 20190718065613.0
008 161021s2018 nyu b 001 0 eng
010 _a 2016048325
020 _a0134639715
020 _a9789352865475
038 _aArshad
040 _aDLC
_beng
_cDLC
_erda
_dDLC
042 _apcc
050 0 0 _aT58.6
_b.L376 2018
082 0 0 _a658.4/038011
_bLAU
100 1 _aLaudon, Kenneth C.,
_918040
245 1 0 _aManagement information systems :
_bmanaging the digital firm /
_cKenneth C. Laudon, New York University, Jane P. Laudon, Azimuth Information Systems.
250 _aFifteenth Edition.
264 1 _aNY NY :
_bPearson,
_c2018.
300 _axxviii, 590 (G-1 - G-12, i-1 - 1-48) p. :
_c29 cm
336 _atext
_btxt
_2rdacontent
337 _aunmediated
_bn
_2rdamedia
338 _avolume
_bnc
_2rdacarrier
500 _aRevised edition of the authors' Management information systems, [2016]
504 _aIncludes bibliographical references and index.
650 0 _aManagement information systems.
_918041
700 1 _aLaudon, Jane P.
_q(Jane Price),
_eauthor.
_918042
906 _a7
_bcbc
_corignew
_d1
_eecip
_f20
_gy-gencatlg
942 _2ddc
_cBK